• 首页
  • 本馆介绍
  • 公告通知
  • 最新文献
  • 馆藏检索
  • 电子资源
  • 读者导购
  • 参考咨询
  • 我的图书馆
  • 登录
  • 详细信息显示
  • 放入我的书架
  • 预约/预借图书
  • 作者相关作品
  • 分类相关作品
  • 丛书相关作品
  • 出版社相关作品

书目信息

  • 表格格式
  • 工作单格式
  • 卡片格式
题名:
现代艺术的激变
    
 
作者: 霍尔曼 著 ;薛华 译
分册:  
出版信息: 桂林   广西师范大学出版社  2002
页数: 223页
开本: 21cm
丛书名: 雅典娜思想译丛
单 册:
中图分类: J110.94
科图分类:
主题词: 艺术史--世界--近代 , 艺术史 , 思想史--世界--近代
电子资源:
ISBN: 7-5633-3422-X
000 00765nam2 2200265 45
001 012002032861
005 20041115100002.2
010    @a7-5633-3422-X@dCNY18.80
100    @a20020416d2002 emky0chiy0110 ea
101 1  @achi@cger
102    @aCN@b450000
105    @aa z 000yy
200 1  @a现代艺术的激变@9xian dai yi shu de ji bian@f(德)沃纳·霍夫曼(Werner Hofmann)著@g薛华译
210    @a桂林@c广西师范大学出版社@d2002
215    @a223页@c图@d21cm
225 2  @a雅典娜思想译丛
410    @12001 @a雅典娜思想译丛
606 0  @a艺术史@y世界@z近代
606 0  @a艺术史
606 0  @a思想史@x世界@z近代
690    @aJ110.94@v4
701  1 @a霍尔曼@4著
702  0 @a薛华@9xue hua@4译
801    @aCN@bTSTC@c20030414
905    @b322566-570@dJ110.94@e40@f5
    
    现代艺术的激变/(德)沃纳·霍夫曼(Werner Hofmann)著/薛华译.-桂林:广西师范大学出版社,2002
    223页:图;21cm.-(雅典娜思想译丛)
    
    
    ISBN 7-5633-3422-X:CNY18.80
    
●
相关链接 在E读中查询图书 在五车中查询图书 在当当中查询图书 在豆瓣中查询图书


正题名:现代艺术的激变     索取号:J110.94/40         预约/预借

序号 登录号 条形码 馆藏地/架位号 状态 备注
1 0322566   203225660   第一借阅区/ [索取号:J110.94/40] 在馆    
2 0322567   203225679   第一借阅区/ [索取号:J110.94/40] 在馆    
3 0322568   203225688   第一借阅区/ [索取号:J110.94/40] 在馆    
4 0322569   203225697   第一借阅区/ [索取号:J110.94/40] 在馆    
5 0322570   203225704   第一样本阅览室/ [索取号:J110.94/40] 在馆    
6 0324869   203248690   第一借阅区/ [索取号:J110.94/40] 在馆    
7 0324870   203248707   第一借阅区/ [索取号:J110.94/40] 在馆    
8 0324871   203248716   第一借阅区/ [索取号:J110.94/40] 在馆    
唐山师范学院图书馆 欢迎您!
大连网信软件有限公司© 版权所有